000 00734nam a2200277Ia 4500
003 OSt
005 20221007104540.0
006 a|||||r|||| 00| 0
007 ta
008 221006b |||||||| |||| 00| 0 eng d
024 _a16,153
037 _cTextual
040 _aLCO
_cLCO
_beng
041 _2eng
_aeng
082 _aZ2,7,26, L6
100 _aChitaley W.W
_9706136
245 0 _aA.I.R Commentaries The Limitation Act
250 _a5th
260 _aNagpur
_bAll India Reporter, Ltd India
_c1976
300 _aVarious
490 _v1
650 _aLIMITATION ACT
_9681746
700 _a Bakhale V.B
_9706137
942 _hZ2,7,26, L6
_cTEXL
999 _c1185716
_d1185716